The telephone handbook : (Record no. 183723)

000 -LEADER
fixed length control field 01294 a2200193 4500
003 - CONTROL NUMBER IDENTIFIER
control field Nust
005 - DATE AND TIME OF LATEST TRANSACTION
control field 20221226095122.0
010 ## - LIBRARY OF CONGRESS CONTROL NUMBER
LC control number 48022695
040 ## - CATALOGING SOURCE
Transcribing agency Nust
082 ## - DEWEY DECIMAL CLASSIFICATION NUMBER
Classification number 621.385,POO
100 ## - MAIN ENTRY--PERSONAL NAME
Personal name Poole, Joseph
9 (RLIN) 105852
245 ## - TITLE STATEMENT
Title The telephone handbook :
Remainder of title being the 8th ed. of the Practical telephone handbook /
Statement of responsibility, etc. Joseph Poole,
260 ## - PUBLICATION, DISTRIBUTION, ETC.
Place of publication, distribution, etc. I. Pitman
Name of publisher, distributor, etc. London
Date of publication, distribution, etc. 1946
300 ## - PHYSICAL DESCRIPTION
Extent xiv, 510 p
Other physical details illus
Dimensions 23 cm
505 ## - FORMATTED CONTENTS NOTE
Formatted contents note Alternating Current Theory (Page-1), Telephone Instrument Circuits (Page-18), Private Branch Exchange (Page-52), Telephone Apparatus (Page-65), Manual Telephone Exchange Circuits (Page-84), Manual Exchange Equipments (Page-120), Relays (Page-141), Batteries (Page-161), Power Plant (Page-187), Automatic Exchange Circuits (Page-216),Automatic Equipment and Trunking (Page-263), Trunk Exchange (Page-290), Testing (Page-313), Transmission Theory (Page-327), Line Characteristics and Loading (Page-362), Wave Filter and Attenuation Equalizers (Page-390), Valves and Repeaters (Page-412), Carrier Telephony (Page-455), Submarine Telephone Cables (Page-483), Transmission Standards and Allowances (Page-490).
600 ## - SUBJECT ADDED ENTRY--PERSONAL NAME
Personal name Poole, Joseph
9 (RLIN) 105852
650 ## - SUBJECT ADDED ENTRY--TOPICAL TERM
Topical term or geographic name entry element The telephone handbook; being the 8th ed. of the Practical telephone handbook
9 (RLIN) 105853
942 ## - ADDED ENTRY ELEMENTS (KOHA)
Source of classification or shelving scheme
Koha item type Book
Holdings
Withdrawn status Lost status Source of classification or shelving scheme Damaged status Not for loan Permanent Location Current Location Shelving location Date acquired Full call number Barcode Date last seen Price effective from Koha item type Public note
          Military College of Signals (MCS) Military College of Signals (MCS) General Stacks 12/12/2016 621.385,POO MCS22287 12/08/2016 12/12/2016 Book Almirah No.39, Shelf No.4
          Military College of Signals (MCS) Military College of Signals (MCS) General Stacks 12/12/2016 621.385,POO MCS6891 12/08/2016 12/12/2016 Book Almirah No.39, Shelf No.4
© 2023 Central Library, National University of Sciences and Technology. All Rights Reserved.